| 000 | 00576nam a2200193Ia 4500 | ||
|---|---|---|---|
| 003 | IN-BaIIA | ||
| 008 | 211028s9999 xx 000 0 eng d | ||
| 020 | _a978-981-270-585-3 | ||
| 040 | _cIIA Library | ||
| 080 |
_a530.12 _bWAL |
||
| 100 |
_aWalecka, John Dirk _931183 |
||
| 245 | 0 |
_aIntroduction to general relativity _cJohn Dirk Walecka |
|
| 260 |
_aNew Jersey _bWorld Scientific _c2007 |
||
| 300 | _axii, 342p. | ||
| 650 | _aRelativity | ||
| 650 |
_aSpecial relativity _96089 |
||
| 650 |
_aTesor analysis _931184 |
||
| 942 | _cBK | ||
| 999 |
_c16726 _d16726 |
||